| 000 | 00404pam a2200169a 44500 | ||
|---|---|---|---|
| 008 | 230405s2000 xxu||||| |||| 00| 0 eng d | ||
| 041 | _aENG | ||
| 100 | _aJohn A Pearce | ||
| 245 | _aShrahegic Manangement formulation Implementation a | ||
| 250 | _a1 | ||
| 260 |
_a _bM G H _c2000 |
||
| 300 | _aSI 18P 24 cms | ||
| 440 | _a1147 | ||
| 690 | _aIMRDA | ||
| 700 | _aRichard B Robinson | ||
| 906 | _a2352 | ||
| 999 |
_c255211 _d255211 |
||